LEADER 03200oam 2200697I 450 001 9910451054403321 005 20200520144314.0 010 $a1-134-70263-9 010 $a0-203-04861-X 010 $a0-203-27005-3 010 $a1-280-33714-1 024 7 $a10.4324/9780203048610 035 $a(CKB)1000000000252951 035 $a(EBL)169423 035 $a(OCoLC)61521413 035 $a(SSID)ssj0000307152 035 $a(PQKBManifestationID)11274926 035 $a(PQKBTitleCode)TC0000307152 035 $a(PQKBWorkID)10244559 035 $a(PQKB)10421869 035 $a(SSID)ssj0000432179 035 $a(PQKBManifestationID)11296578 035 $a(PQKBTitleCode)TC0000432179 035 $a(PQKBWorkID)10477998 035 $a(PQKB)11179078 035 $aebr10017266 035 $a(MiAaPQ)EBC169423 035 $a(Au-PeEL)EBL169423 035 $a(CaPaEBR)ebr10070775 035 $a(CaONFJC)MIL33714 035 $a(OCoLC)252811181 035 $a(EXLCZ)991000000000252951 100 $a20180331d2000 uy 0 101 0 $aeng 135 $aur|n|---||||| 181 $ctxt 182 $cc 183 $acr 200 10$aPromoting mental, emotional and social health $ea whole school approach /$fKatherine Weare 210 1$aLondon ;$aNew York :$cRoutledge,$d2000. 215 $a1 online resource (173 p.) 300 $aDescription based upon print version of record. 311 $a0-415-16876-7 311 $a0-415-16875-9 320 $aIncludes bibliographical references (p. [139]-160) and index. 327 $aCover; Promoting Mental, Emotional and Social Health; Title Page; Copyright Page; Table of Contents; Acknowledgements; Introduction: Why promoting mental, emotional and social health is becoming a fundamental issue in schools; 1 Definitions, concepts and principles; 2 Creating a supportive whole school environment; 3 Developing self-esteem and emotional competency; 4 Developing social competency; 5 Classroom and curriculum issues; Appendix: Some agencies concerned with mental, emotional and social health in schools; References; Index 330 $aSchools are now seen as being one of the key agents which can help redress society's most fundamental problems, create more cohesive communities and promote citizenship and a sense of social conscience in the young. Promoting Mental, Emotional and Social Health: A Whole School Approach provides a clear and practical overview of ways in which mainstream schools can promote the health of all those who work and learn in them.Supported by the latest new evidence from the UK and Europe as well as findings from the USA, it outlines and examines:* evidence that social and emo 606 $aSchool children$xMental health 606 $aSchools$xSociological aspects 608 $aElectronic books. 615 0$aSchool children$xMental health. 615 0$aSchools$xSociological aspects. 676 $a371.7/1 700 $aWeare$b Katherine$f1950,$0964034 801 0$bMiAaPQ 801 1$bMiAaPQ 801 2$bMiAaPQ 906 $aBOOK 912 $a9910451054403321 996 $aPromoting mental, emotional and social health$92186181 997 $aUNINA LEADER 04530nam 22008175 450 001 996465555103316 005 20200630072147.0 010 $a3-642-31809-6 024 7 $a10.1007/978-3-642-31809-2 035 $a(CKB)3400000000085705 035 $a(SSID)ssj0000745823 035 $a(PQKBManifestationID)11930862 035 $a(PQKBTitleCode)TC0000745823 035 $a(PQKBWorkID)10859650 035 $a(PQKB)11118296 035 $a(DE-He213)978-3-642-31809-2 035 $a(MiAaPQ)EBC3070283 035 $a(PPN)16832038X 035 $a(EXLCZ)993400000000085705 100 $a20120709d2012 u| 0 101 0 $aeng 135 $aurnn#008mamaa 181 $ctxt 182 $cc 183 $acr 200 10$aAgents and Peer-to-Peer Computing$b[electronic resource] $e7th International Workshop, AP2PC 2008, Estoril, Portugal, May 13, 2008 and 8th International Workshop, AP2PC 2009, Budapest, Hungary, May 11, 2009. Revised Selected Papers /$fedited by Domenico Beneventano, Zoran Despotovic, Francesco Guerra, Sam Joseph, Gianluca Moro, Adrian Perreau de Pinninck 205 $a1st ed. 2012. 210 1$aBerlin, Heidelberg :$cSpringer Berlin Heidelberg :$cImprint: Springer,$d2012. 215 $a1 online resource (XIV, 153 p. 48 illus.) 225 1 $aLecture Notes in Artificial Intelligence ;$v6573 300 $aBibliographic Level Mode of Issuance: Monograph 311 $a3-642-31808-8 320 $aIncludes bibliographical references and author index. 330 $aThis book constitutes the thoroughly refereed post-workshop proceedings of the 7th International Workshop on Agents and Peer-to-Peer Computing, AP2PC 2008, held in Estoril, Portugal, in May 2008 and the 8th International Workshop on Agents and Peer-to-Peer Computing, AP2PC 2009, held in Budapest, Hungary, May 2009, co-located with the International Joint Conference on Autonomous Agents and Multi-Agent Systems, AAMAS. The 13 revised full papers presented were carefully reviewed and selected from numerous submissions. The volume is organized in topical sections on social welfare, distributed information sharing, and network organization and efficiency. 410 0$aLecture Notes in Artificial Intelligence ;$v6573 606 $aArtificial intelligence 606 $aComputer communication systems 606 $aApplication software 606 $aInformation storage and retrieval 606 $aBiometrics (Biology) 606 $aUser interfaces (Computer systems) 606 $aArtificial Intelligence$3https://scigraph.springernature.com/ontologies/product-market-codes/I21000 606 $aComputer Communication Networks$3https://scigraph.springernature.com/ontologies/product-market-codes/I13022 606 $aInformation Systems Applications (incl. Internet)$3https://scigraph.springernature.com/ontologies/product-market-codes/I18040 606 $aInformation Storage and Retrieval$3https://scigraph.springernature.com/ontologies/product-market-codes/I18032 606 $aBiometrics$3https://scigraph.springernature.com/ontologies/product-market-codes/I22040 606 $aUser Interfaces and Human Computer Interaction$3https://scigraph.springernature.com/ontologies/product-market-codes/I18067 615 0$aArtificial intelligence. 615 0$aComputer communication systems. 615 0$aApplication software. 615 0$aInformation storage and retrieval. 615 0$aBiometrics (Biology). 615 0$aUser interfaces (Computer systems). 615 14$aArtificial Intelligence. 615 24$aComputer Communication Networks. 615 24$aInformation Systems Applications (incl. Internet). 615 24$aInformation Storage and Retrieval. 615 24$aBiometrics. 615 24$aUser Interfaces and Human Computer Interaction. 676 $a006.3 702 $aBeneventano$b Domenico$4edt$4http://id.loc.gov/vocabulary/relators/edt 702 $aDespotovic$b Zoran$4edt$4http://id.loc.gov/vocabulary/relators/edt 702 $aGuerra$b Francesco$4edt$4http://id.loc.gov/vocabulary/relators/edt 702 $aJoseph$b Sam$4edt$4http://id.loc.gov/vocabulary/relators/edt 702 $aMoro$b Gianluca$4edt$4http://id.loc.gov/vocabulary/relators/edt 702 $aPerreau de Pinninck$b Adrian$4edt$4http://id.loc.gov/vocabulary/relators/edt 712 12$aAP2PC (Workshop)$d(8th :$f2009 :$eBudapest, Hungary) 906 $aBOOK 912 $a996465555103316 996 $aAgents and Peer-to-Peer Computing$9772342 997 $aUNISA LEADER 02031nam 2200541 450 001 9910785378403321 005 20230725025440.0 010 $a1-282-89238-X 010 $a9786612892387 010 $a1-4094-1508-2 035 $a(CKB)2670000000055181 035 $a(EBL)4439715 035 $a(OCoLC)950904813 035 $a(SSID)ssj0000475221 035 $a(PQKBManifestationID)11913319 035 $a(PQKBTitleCode)TC0000475221 035 $a(PQKBWorkID)10463433 035 $a(PQKB)11654341 035 $a(MiAaPQ)EBC4439715 035 $a(Au-PeEL)EBL4439715 035 $a(CaPaEBR)ebr10428165 035 $a(CaONFJC)MIL289238 035 $a(EXLCZ)992670000000055181 100 $a20160416h20102010 uy 0 101 0 $aeng 135 $aur|n|---||||| 181 $ctxt 182 $cc 183 $acr 200 14$aThe discovery of the large, rich, and beautiful empire of guiana /$fSir W. Ralegh 210 1$aSurrey, England ;$aBurlington, Vermont :$cAshgate Publishing Limited :$cAshgate Publishing Company,$d2010. 210 4$dİ2010 215 $a1 online resource (333 p.) 225 1 $aHakluyt Society, First Series ;$vv.3 300 $aIncludes index. 311 $a1-4094-1269-5 327 $aCOVER; THE EPISTLE; TO THE READER; EDITOR'S PREFACE; INTRODUCTION; THE DISCOVERIE OF GUIANA; ADVERTISEMENT TO THE READER; LETTERS TAKEN AT SEA BY CAPTAINE GEORGE POPHAM 1594; APPENDIX; OF THE VOYAGE FOR GUIANA; SIR WALTER RALEGH'S JOURNAL OF HIS SECOND VOYAGE TO GUIANA; ERRATA; INDEX; A; B; C; P; E; F; G; H; I; J; K; L; M; N; O; P; Q; R; S; T; U; V; W; Y; MAP: TO ILLUSTRATE SIR WALTER RALEGH'S VOYAGE 410 0$aHakluyt Society, First Series 607 $aGuiana$xDiscovery and exploration 676 $a942.0550924 700 $aRalegh$b W.$01506058 801 0$bMiAaPQ 801 1$bMiAaPQ 801 2$bMiAaPQ 906 $aBOOK 912 $a9910785378403321 996 $aThe discovery of the large, rich, and beautiful empire of guiana$93736089 997 $aUNINA